| 000 | 00670nam a2200205 a 4500 | ||
|---|---|---|---|
| 005 | 20200104041520.0 | ||
| 008 | 140226b1978 ck ||||| |||| 00| 0 spa d | ||
| 041 | _aspa | ||
| 082 | 0 | 4 |
_a641.357 _bS16i |
| 100 |
_aSalas, Gonzalo de las _911642 |
||
| 245 | _aInfluencia del factor edáfico en el crecimiento inicial del laurel (Cordia alliodora) (R. Pav.) (Oken) en las terrazas del río Mira, Nariño Colombia | ||
| 260 |
_aBogotá _bCONIF _c1978 |
||
| 300 | _a50 p. | ||
| 650 |
_aCrecimiento _98535 |
||
| 650 |
_aSuelos _9287 |
||
| 650 |
_aPlantaciones forestales _992198 |
||
| 662 |
_aColombia _bNariño |
||
| 700 |
_aFranco, José M. _911645 |
||
| 942 |
_cImpreso _2z _01 |
||
| 999 |
_c1287 _d1287 |
||